MARC details
| 000 -LEADER |
| campo de control de longitud fija |
01678nmm a2200385 i 4500 |
| 001 - NÚMERO DE CONTROL |
| campo de control |
195501 |
| 003 - IDENTIFICADOR DE NÚMERO DE CONTROL |
| campo de control |
SpMaBN |
| 005 - FECHA Y HORA DE LA ÚLTIMA TRANSACCIÓN |
| campo de control |
20240621063014.0 |
| 007 - CAMPO FIJO DE DESCRIPCIÓN FÍSICA--INFORMACIÓN GENERAL |
| campo de control de longitud fija |
co*cga|||||||| |
| 008 - DATOS DE LONGITUD FIJA--INFORMACIÓN GENERAL |
| campo de control de longitud fija |
240619s2011 sp i o000 spa |
| 015 ## - NÚMERO DE BIBLIOGRAFÍA NACIONAL |
| Número de bibliografía nacional |
MON11 |
| 017 ## - NÚMERO DE COPYRIGHT O DE DEPÓSITO LEGAL |
| Número de copyright o de depósito legal |
AB 471-2011 |
| Agencia que asigna |
Oficina Depósito Legal Albacete |
| 020 ## - NÚMERO INTERNACIONAL ESTÁNDAR DEL LIBRO |
| Número Internacional Estándar del Libro |
9788496800588 |
| 035 ## - NÚMERO DE CONTROL DEL SISTEMA |
| Número de control de sistema |
(OCoLC)828318797 |
| 035 ## - NÚMERO DE CONTROL DEL SISTEMA |
| Número de control de sistema |
a5270040 |
| 040 ## - FUENTE DE CATALOGACIÓN |
| Centro catalogador/agencia de origen |
SpMaBN |
| Lengua de catalogación |
spa |
| Centro/agencia transcriptor |
SpMaBN |
| Normas de descripción |
rdc |
| Centro/agencia modificador |
ES-MaACL |
| 080 ## - NÚMERO DE LA CLASIFICACIÓN DECIMAL UNIVERSAL |
| Número de la Clasificación Decimal Universal |
738.33(460.288) |
| 080 ## - NÚMERO DE LA CLASIFICACIÓN DECIMAL UNIVERSAL |
| Número de la Clasificación Decimal Universal |
904(460.288) |
| 100 1# - ENTRADA PRINCIPAL--NOMBRE DE PERSONA |
| Nombre de persona |
Amorós Ruiz, Victoria |
| Número de control del registro de autoridad o número normalizado |
XX5218231 |
| 9 (RLIN) |
237097 |
| 245 10 - MENCIÓN DEL TÍTULO |
| Título |
Contextos cerámicos del siglo VIII en el Tolmo de Minateda |
| Medio |
[Recurso electrónico] / |
| Mención de responsabilidad, etc. |
Victoria Amorós Ruiz |
| 260 ## - PUBLICACIÓN, DISTRIBUCIÓN, ETC. |
| Lugar de publicación, distribución, etc. |
Albacete : |
| Nombre del editor, distribuidor, etc. |
Instituto de Estudios Albacetenses "Don Juan Manuel" de la Diputación de Albacete, |
| Fecha de publicación, distribución, etc. |
2011. |
| 300 ## - DESCRIPCIÓN FÍSICA |
| Extensión |
1 CD-ROM : |
| Otras características físicas |
son., col. ; |
| Dimensiones |
12 cm |
| 336 ## - TIPO DE CONTENIDO |
| Término de tipo de contenido |
Palabra hablada |
| -- |
Texto (visual) |
| Fuente |
isbdcontent |
| 337 ## - TIPO DE MEDIO |
| Nombre/término del tipo de medio |
electrónico |
| Fuente |
isbdmedia |
| 338 ## - TIPO DE SOPORTE |
| Fuente |
rdacarrier |
| Nombre/término del tipo de soporte |
volumen |
| 504 ## - NOTA DE BIBLIOGRAFÍA, ETC. |
| Nota de bibliografía, etc. |
Incluye referencias bibliográficas |
| 538 ## - NOTA DE DETALLES DEL SISTEMA |
| Nota de detalles del sistema |
Requerimientos mínimos: Ordenador Pc con Microsoft Windows Xp o superior. Procesador Pentium III a 500 Mhz, 256 Mb. de memoria Ram. Tarjeta de video SVGA que soporte resolución mínima de 1024x768 o un equipo superior. |
| 594 ## - Nota al título y mención de responsabilidad |
| Nota al título y mención de responsabilidad |
Título tomado del menú principal |
| 650 #7 - PUNTO DE ACCESO ADICIONAL DE MATERIA--TÉRMINO DE MATERIA |
| Término de materia o nombre geográfico como elemento de entrada |
Cerámica medieval |
| Subdivisión geográfica |
El Tolmo de la Minateda (Albacete, Yacimiento) |
| Fuente del encabezamiento o término |
embne |
| 9 (RLIN) |
237098 |
| 651 #7 - PUNTO DE ACCESO ADICIONAL DE MATERIA--NOMBRE GEOGRÁFICO |
| Nombre geográfico |
El Tolmo de la Minateda (Albacete, Yacimiento) |
| Fuente del encabezamiento o término |
embne |
| 9 (RLIN) |
237099 |
| 852 ## - LOCALIZACIÓN |
| Ubicación |
ES-MaACL |
| Ubicación en estantería |
Despachos-biblioteca |
| Número de control de estantería |
101228588 |
| 942 ## - ELEMENTOS DE ENTRADA SECUNDARIOS (KOHA) |
| Fuente del sistema de clasificación o colocación |
Clasificación decimal universal |
| Tipo de ítem Koha |
Archivo de ordenador en CD-ROM, CD o disquete |
| Suprimir en OPAC |
No |